Overley: (Record no. 292)

MARC details
000 -LEADER
campo de control de longitud fija 00947 a2200157 4500
020 ## - NÚMERO INTERNACIONAL ESTÁNDAR DEL LIBRO
Número Internacional Estándar del Libro 1565842138
082 ## - NÚMERO DE LA CLASIFICACIÓN DECIMAL DEWEY
Número de clasificación 700.904
Número de ítem L765s
100 ## - ENTRADA PRINCIPAL--NOMBRE DE PERSONA
Nombre de persona Lippard, Lucy R.
9 (RLIN) 1349
245 ## - MENCIÓN DEL TÍTULO
Título Overley:
Resto del título Contemporary Art and the Art of prehistory
Mención de responsabilidad, etc. Lucy R. Lippard
260 ## - PUBLICACIÓN, DISTRIBUCIÓN, ETC.
Lugar de publicación, distribución, etc. New York
Nombre del editor, distribuidor, etc. The New Press, New York
Fecha de publicación, distribución, etc. 1983
300 ## - DESCRIPCIÓN FÍSICA
Extensión 266 p. :
Otras características físicas ill
Dimensiones 24cm
505 ## - NOTA DE CONTENIDO CON FORMATO
Título Overlay is Lucy Lippard's classic book on contemporary art and its connection to prehistoric sites and symbols. Viewed by critics, artists, art historians, and students as the essential text on how prehistoric images have been "overlayed" onto contemporary art by today's artists, Overlay is for anyone interested in the possibility of reintegrating art into the fabric of society as a whole, as in prehistoric times.
650 ## - PUNTO DE ACCESO ADICIONAL DE MATERIA--TÉRMINO DE MATERIA
Término de materia o nombre geográfico como elemento de entrada critica de arte
Subdivisión de forma arte contemporaneo, arte de la prehistorico, arte moderno
Subdivisión geográfica New york
9 (RLIN) 1357
655 ## - TERMINO DE INDIZACIÓN--GENERO/FORMA
Datos o término principal de género/forma Critica de arte
9 (RLIN) 1358
700 ## - ENTRADA AGREGADA--NOMBRE PERSONAL
Nombre de persona Lucy R. Lippard
9 (RLIN) 1352
Holdings
Estatus retirado Estado de pérdida Fuente del sistema de clasificación o colocación Estado de daño No para préstamo Biblioteca de origen Biblioteca actual Ubicación en estantería Fecha de adquisición Total de préstamos Signatura topográfica completa Código de barras Visto por última vez Precio de reemplazo Tipo de ítem Koha
    Clasificación Decimal Dewey     Biblioteca LadoV Biblioteca LadoV   22/08/2014   700.904 L765s 000313 22/08/2014 22/08/2014 Material 01